| 000 | 00980nac a22003011u 4500 | ||
|---|---|---|---|
| 003 | EG-ScBUE | ||
| 005 | 20211115152806.0 | ||
| 008 | 200219s2002 le b f 000 f eng d | ||
| 020 | _a9953105413 | ||
| 020 | _a9789953105413 | ||
| 040 |
_aEG-ScBUE _beng _erda _cEG-ScBUE _dEG-ScBUE |
||
| 082 | 0 | 4 |
_a873.01 _bVIR _222 |
| 100 | 0 |
_aVirgil, _eauthor. |
|
| 245 | 1 | 4 |
_aThe Aeneid = _bالإنياذة : with an introduction and summaries / _cVirgil. |
| 246 | 3 | 5 | _aإنياذة |
| 264 | 1 |
_aBeirut : _bYork Press, _c2002. |
|
| 300 |
_axvi, 292 pages : _bmaps ; _c20 cm. |
||
| 336 |
_2rdacontent _atext _btxt |
||
| 337 |
_2rdamedia _aunmediated _bn |
||
| 338 |
_2rdacarrier _avolume _bnc |
||
| 490 | 0 | _aYork classics | |
| 600 | 0 | 7 |
_aAeneas _c(Legendary character) _vPoetry. _2BUEsh |
| 650 | 7 |
_aEpic poetry, Latin _xTranslations into English. _2BUEsh _933616 |
|
| 651 | _2BUEsh | ||
| 653 |
_bHHUUEENN _cNovember2021 |
||
| 655 |
_vReading book _934232 |
||
| 942 |
_cBB _2ddc |
||
| 999 |
_c280 _d280 |
||